000 00212nam a2200109Ia 4500
100 _a#N/A
942 _cBK
654 _ahtml
245 _aLearn Advanced HTML 4.0 with DHTML
260 _b#N/A
546 _aENGLISH
999 _c25777
_d25777